书目信息 |
| 题名: |
输变电设备
|
|
| 作者: | ;西安高压电器研究所 编 | |
| 分册: | ||
| 出版信息: | 北京 机械工业出版社 1975 |
|
| 页数: | 236页 | |
| 开本: | 20cm | |
| 丛书名: | 机械工业知识丛书 | |
| 单 册: | ||
| 中图分类: | TM72 | |
| 科图分类: | ||
| 主题词: | 输电--设备 , 变电所--设备 | |
| 电子资源: | ||
| ISBN: | ||
| 000 | 00695nam2 2200253 45 | |
| 001 | 0175002245 | |
| 005 | 20060805163449.89 | |
| 010 | @dCNY0.63 | |
| 100 | @a19951011d1975 em y0chiy0121 ea | |
| 101 | 0 | @achi |
| 102 | @aCN@b110000 | |
| 105 | @ay z 000yy | |
| 200 | 10 | @a输变电设备@Ashu bian dian she bei@f西安高压电器研究所等编 |
| 210 | @a北京@c机械工业出版社@d1975 | |
| 215 | @a236页@d20cm | |
| 225 | 2 | @a机械工业知识丛书 |
| 410 | 0 | @120010@a机械工业知识丛书 |
| 606 | @a输电@x设备 | |
| 606 | @a变电所@x设备 | |
| 690 | @aTM72@v3 | |
| 711 | 02 | @a西安高压电器研究所@Axi an gao ya dian qi yan jiu suo@4编 |
| 801 | 2 | @aCN@bNLC@c20060805 |
| 801 | 0 | @aCN@bTSSF |
| 905 | @a10447@dTM72@e24 | |
| 输变电设备/西安高压电器研究所等编.-北京:机械工业出版社,1975 |
| 236页;20cm.-(机械工业知识丛书) |
| ISBN :CNY0.63 |
| ● |
| 相关链接 |
|
|
|
|
正题名:输变电设备
索取号:TM72/24
 
预约/预借
| 序号 | 登录号 | 条形码 | 馆藏地/架位号 | 状态 | 备注 |
| 1 | 0451651 | 204516513 | 密集书库/ [索取号:TM72/24] | 在馆 |